000 00310nam a22001217a 4500
008 131213b xxu||||| |||| 00| 0 eng d
050 _aBX2015.A4.S45
245 _aMuteuro weMisa
246 _aThe Order of Mass
260 _aGweru
_bMambo Press
_c[n.d.]
300 _a331p.;
_c22cm.
942 _2lcc
_cMONOGRAPH
999 _c119246
_d119246